Normal view
MARC view
- Muhammad Nauman Rafique (00000172119)
Entry Personal Name
001 - CONTROL NUMBER
- control field: 116441
003 - CONTROL NUMBER IDENTIFIER
- control field: NUST
005 - DATE AND TIME OF LATEST TRANSACTION
- control field: 20230912165946.0
008 - FIXED-LENGTH DATA ELEMENTS
- fixed length control field: 230912|| aca||aabn | a|a d
040 ## - CATALOGING SOURCE
- Original cataloging agency: NUST
- Transcribing agency: NUST
100 ## - HEADING--PERSONAL NAME
- Personal name: Muhammad Nauman Rafique (00000172119)
670 ## - SOURCE DATA FOUND
- Source citation: Work cat.: (NUST): Muhammad Nauman Rafique (00000172119), Portfolio Optimization based Direct Bilateral Matchmaking in Electricity Markets /, 2019
